Current Minister Presidents of Germany - Statistics

General Stats
  • This quiz has been taken 30 times
  • The average score is 9 of 16
Answer Stats
Hint Answer % Correct
Free State of Bavaria Markus Söder
100%
Baden-Württemberg Winfried Kretschmann
74%
Mecklenburg-Vorpommern Manuela Schwesig
70%
Berlin Franziska Giffey
65%
Free State of Thuringia Bodo Ramelow
57%
Schleswig-Holstein Daniel Günther
57%
Brandenburg Dietmar Woidke
57%
North Rhine-Westphalia Hendrik Wüst
52%
Free State of Saxony Michael Kretschmer
52%
Lower Saxony Stephan Weil
52%
Free Hanseatic City of Bremen Andreas Bovenschulte
48%
Rhineland-Palatinate Malu Dreyer
48%
Free and Hanseatic City of Hamburg Peter Tschentscher
48%
Saxony-Anhalt Reiner Haseloff
48%
Saarland Anke Rehlinger
39%
Hesse Boris Rhein
35%
No matching quizzes found
Score Distribution
Percent of People with Each Score
Percentile by Number Answered
Your Score History
You have not taken this quiz